| 000 | 00632nam a22001577a 4500 | ||
|---|---|---|---|
| 008 | 170309b xxu||||| |||| 00| 0 eng d | ||
| 082 |
_22016 _aUT 0707 _bG36 |
||
| 100 |
_919156 _aGiger, Glenn E. |
||
| 245 |
_aAntas ng Kaalaman ng Mag-aaral sa Kulturang Pilipino Sa Pagpapahalaga ng Pamilya sa Unibersidad ng Mindanao digos College. _cGlenn E. Giger, Hanelyn S. Milliones and Rainida C. Solutan. |
||
| 300 |
_a50 pages; _b28 cm. |
||
| 650 | 0 |
_919157 _aEducation _vFilipino _xUndergraduate Thesis. |
|
| 700 |
_919158 _aGiger, Glenn E. |
||
| 700 |
_919159 _aMilliones, Hanelyn S. |
||
| 700 |
_919160 _aSolutan, Rainida C. |
||
| 942 |
_2ddc _cUT |
||
| 999 |
_c6367 _d6367 |
||